| 000 | 01362cam a2200349 a 4500 | ||
|---|---|---|---|
| 001 | 3546878 | ||
| 003 | NUST - PNEC | ||
| 005 | 20170116181053.0 | ||
| 008 | 971203s1999 enka b 000 0 eng d | ||
| 010 | _a 97081196 | ||
| 020 | _a1853125067 | ||
| 035 | _a(OCoLC)40924765 | ||
| 040 |
_aGAT _cLIBRARY _dDLC |
||
| 042 | _alccopycat | ||
| 050 | 0 | 4 |
_aTJ263 _b.R63 1999 |
| 082 | 0 | 0 | _a621.4025 ROE |
| 100 | 1 |
_aRoetzel, Wilfried, _d1936- |
|
| 245 | 1 | 0 |
_aDynamic behaviour of heat exchangers / _cW. Roetzeel, Y. Xuan. |
| 260 |
_aSouthampton : _bWIT Press/Computational Mechanics Publications ; _aBoston, Mass. : _bComputational Mechanics, _cc1999. |
||
| 300 |
_a380 p. : _bill. ; _c24 cm. |
||
| 440 | 0 |
_aInternational series on developments in heat transfer ; _vv. 3 |
|
| 504 | _aIncludes bibliographical references. | ||
| 650 | 0 |
_aHeat exchangers _xFluid dynamics _vMathematical models. |
|
| 650 | 0 |
_aHeat _xTransmission _vMathematical models. _vME |
|
| 700 | 1 |
_aXuan, Y. _q(Yimin) |
|
| 906 |
_a7 _bcbc _ccopycat _d2 _eopcn _f19 _gy-gencatlg |
||
| 942 |
_2ddc _cBK |
||
| 999 |
_c68449 _d68449 |
||